000 00544cam a2200181 4500
008 090108s2001 mx 000 0 spa u
020 _a9686608931
035 _aa477289
050 0 4 _aGV944 .C67
_bL86 2001
100 1 _aLuna Lujano, Benjamín
245 1 0 _aAzúcar, sal y miel :
_bmedio siglo de futbol en Costa Rica /
_cBenjamín Luna Lujano.
250 _a1a ed.
260 _aMéxico :
_bDifocur,
_c2001
300 _a51 p. :
_bil. ;
_c28 cm.
506 _aRec. Esc.
650 7 _aFutbol
_xHistoria
_zCosta Rica
942 _2lcc
_cLIB
999 _c66068
_d66068